|
|
|
|
| LEADER |
00000nbm0a2200000 4500 |
| 001 |
352034 |
| 005 |
20231102010448.0 |
| 035 |
|
|
|a (RuTPU)RU\TPU\retro\8205
|
| 090 |
|
|
|a 352034
|
| 100 |
|
|
|a 20191113d1983 k y0rusy50 ca
|
| 101 |
0 |
|
|a rus
|
| 102 |
|
|
|a RU
|
| 105 |
|
|
|a a m 001zy
|
| 200 |
1 |
|
|a Повышение эксплуатационно-технических характеристик низковольтных коллекторных микродвигателей
|e диссертация на соискание ученой степени кандидата технических наук
|e спец. 05.09.01
|f Ю. Д. Харизман
|g Куйбышевский политехнический институт им. В. В. Куйбышева (КПИ) ; науч. рук. А. И. Скороспешкин
|
| 210 |
|
|
|a Воронеж
|c [Б. и.]
|d 1983
|
| 215 |
|
|
|a 232 л..
|c ил.
|
| 320 |
|
|
|a Библиогр.: с. 177-191 (137 назв.)
|
| 371 |
0 |
|
|a For_staff_use
|
| 606 |
1 |
|
|a Микроэлектродвигатели
|2 stltpush
|3 (RuTPU)RU\TPU\subj\79701
|9 87942
|
| 610 |
1 |
|
|a низковольтные микродвигатели
|
| 610 |
1 |
|
|a работоспособность
|
| 610 |
1 |
|
|a щеточные контакты
|
| 610 |
1 |
|
|a микромашины
|
| 610 |
1 |
|
|a токосъемные устройства
|
| 610 |
1 |
|
|a надежность
|
| 610 |
1 |
|
|a диссертации
|
| 610 |
1 |
|
|a труды учёных ТПУ
|
| 675 |
|
|
|a 621.313.13-181.48(04)
|v 4
|
| 686 |
|
|
|a 06.09.01
|2 oksvnk
|
| 700 |
|
1 |
|a Харизман
|b Ю. Д.
|g Юзеф Давыдович
|
| 702 |
|
1 |
|a Скороспешкин
|b А. И.
|c российский ученый
|c профессор кафедры электрических машин и аппаратов Томского политехнического университета
|f 1927-
|g Алексей Иванович
|2 stltpush
|3 (RuTPU)RU\TPU\pers\19866
|4 727
|
| 712 |
0 |
2 |
|a Куйбышевский политехнический институт им. В. В. Куйбышева (КПИ)
|c (1962-1991)
|2 stltpush
|3 (RuTPU)RU\TPU\col\320
|
| 801 |
|
1 |
|a RU
|b 63413507
|c 20191113
|
| 942 |
|
|
|c BK
|